书目信息 |
| 题名: |
建设工程施工管理
|
|
| 作者: | ;全国二级建造师职业资格考试用书编写委员会 主编 | |
| 分册: | ||
| 出版信息: | 北京 中国建筑工业出版社 2011.03 |
|
| 页数: | 248页 | |
| 开本: | 26cm | |
| 丛书名: | 全国二级建造师职业资格考试用书 | |
| 单 册: | ||
| 中图分类: | TU71 | |
| 科图分类: | ||
| 主题词: | 建筑工程--施工管理 | |
| 电子资源: | ||
| ISBN: | 9787112129232 | |
| 000 | 00959nam0 22002531 450 | |
| 001 | 1559598249 | |
| 005 | 20160620144906.87 | |
| 010 | @a9787112129232@dCNY49.00 | |
| 100 | @a20130315d2011 em y0chiy0110 ea | |
| 101 | 0 | @achi |
| 102 | @aCN@b110000 | |
| 105 | @ay z 000yy | |
| 200 | 1 | @a建设工程施工管理@Ajian she gong cheng shi gong guan li@f全国二级建造师职业资格考试用书编写委员会主编@Fquan guo er ji jian zao shi zhi ye zi ge kao shi yong shu bian xie wei yuan hui zhu bian |
| 205 | @a3版 | |
| 210 | @a北京@c中国建筑工业出版社@d2011.03 | |
| 215 | @a248页@d26cm | |
| 225 | 2 | @a全国二级建造师职业资格考试用书 |
| 410 | 0 | @12001 @a全国二级建造师职业资格考试用书 |
| 606 | 0 | @a建筑工程@x施工管理 |
| 690 | @aTU71@v4 | |
| 711 | 02 | @a全国二级建造师职业资格考试用书编写委员会@Aquan guo er ji jian zao shi zhi ye zi ge kao shi yong shu bian xie wei yuan hui@4主编 |
| 801 | @aCN@b91MARC@c20130315 | |
| 905 | @aZUCC@dTU71@eQ8823=3 | |
| 906 | @dCNY47@n1@r1 | |
| 建设工程施工管理/全国二级建造师职业资格考试用书编写委员会主编.-3版.-北京:中国建筑工业出版社,2011.03 |
| 248页;26cm.-(全国二级建造师职业资格考试用书) |
| ISBN 9787112129232:CNY49.00 |
| ● |
| 相关链接 |
|
|
|
正题名:建设工程施工管理
索取号:TU71/Q8823=3
 
预约/预借
| 序号 | 登录号 | 条形码 | 馆藏地/架位号 | 状态 | 备注 |
| 1 | 1238171 | 212381714 | 建筑库201/201建筑库 16排1列5层/ [索取号:TU71/Q8823=3] | 在馆 | |
| 2 | 497304 | 204973047 | 建筑库201/201建筑库 16排1列5层/ [索取号:TU71/Q8823=3] | 在馆 |